000 00695pam a2200205 a 4500
020 _a0471596876 (cloth)
050 0 0 _aHF5667
_b.K39 1996
100 1 _aBoynton, William C.
245 1 0 _aModern auditing /
_cWilliam C. Boynton, Walter G. Kell.
250 _a6th ed.
260 _aNew York :
_bJ. Wiley & Sons,
_cc1996.
300 _axxxi, 928 p. :
500 _aRev. ed. of: Modern auditing / Walter G. Kell. 5th ed. 1992.
650 _xAuditing ;
_xAustralia.
700 1 _aKell, Walter Gerry,
700 1 _aKell, Walter Gerry,
856 4 _uhttp://www.loc.gov/catdir/toc/onix06/94041807.html
856 4 2 _uhttp://www.loc.gov/catdir/enhancements/fy0706/94041807-d.html
942 _2lcc
_cGEN
999 _c9606
_d9606